The Role of the Digital Age and Artificial Intelligence in Shaping Digital Corporate Culture

Preskúmanie prostredníctvom systematického rešeršovania literatúry, akú úlohu zohráva digitálny vek pri budovaní firemnej kultúry.

Guardado en:
Detalles Bibliográficos
Autor principal: Mišíková, Natália, 1999-
Otros Autores: Jankelová, Nadežda, 1966-
Formato: Capítulo de libro
Lenguaje:inglés
Materias:
Etiquetas: Agregar Etiqueta
Sin Etiquetas, Sea el primero en etiquetar este registro!

MARC

LEADER 00000naa$a2200000$$$4500
001 0311790
005 20250806080118.3
041 0 |a eng 
044 |a HR 
245 1 0 |a The Role of the Digital Age and Artificial Intelligence in Shaping Digital Corporate Culture  |c Natália Mišíková, Nadežda Jankelová 
520 |a Preskúmanie prostredníctvom systematického rešeršovania literatúry, akú úlohu zohráva digitálny vek pri budovaní firemnej kultúry. 
610 2 0 |a kultúra podniková 
610 2 0 |a digitalizácia 
610 2 0 |a technológie nové 
610 2 0 |a inteligencia umelá 
610 2 0 |a prostredie pracovné 
100 1 |a Mišíková, Natália, 1999- 
700 1 |a Jankelová, Nadežda, 1966-